Dopad kríz na pravdepodobnosť závažnej materiálnej a sociálnej deprivácie na Slovensku a v Česku: porovnanie rokov 2019 a 2023
Cieľom článku je analyzovať pravdepodobnosť žitia v závažne materiálne a sociálne deprivovanej (SMSD) domácnosti na Slovensku a v Česku v rokoch 2019 a 2023. Na základe databáz EU-SILC sú odhadnuté 4 logitové modely, a to osobitne pre obe uvedené krajiny a za uvedené 2 roky. Priestorové porovnania p...
Salvato in:
| Autore principale: | |
|---|---|
| Altri autori: | |
| Natura: | Capitolo di libro |
| Lingua: | slovacco |
| Soggetti: | |
| Tags: |
Nessun Tag, puoi essere il primo ad aggiungerne!!
|
MARC
| LEADER | 00000naa a2200000 4500 | ||
|---|---|---|---|
| 001 | 0312853 | ||
| 005 | 20251204124539.4 | ||
| 041 | 0 | |a slo | |
| 044 | |a SK | ||
| 245 | 1 | 0 | |a Dopad kríz na pravdepodobnosť závažnej materiálnej a sociálnej deprivácie na Slovensku a v Česku: porovnanie rokov 2019 a 2023 |c Tatiana Rešovská, Erik Šoltés |
| 520 | |a Cieľom článku je analyzovať pravdepodobnosť žitia v závažne materiálne a sociálne deprivovanej (SMSD) domácnosti na Slovensku a v Česku v rokoch 2019 a 2023. Na základe databáz EU-SILC sú odhadnuté 4 logitové modely, a to osobitne pre obe uvedené krajiny a za uvedené 2 roky. Priestorové porovnania pravdepodobností SMSD v rôznych skupinách osôb odhalili signifikantné rozdiely v riziku SMSD medzi Slovenskom a Českom. Časové porovnania medzi rokom 2019 a 2023 zasa odkryli zmeny, ktoré nastali v uvedených krajinách počas polykrízového obdobia. Článok potvrdzuje, že súbeh viacerých nepriaznivých faktorov má nepriaznivý synergický efekt na predmetnú pravdepodobnosť. Kvantifikácia zmien v pravdepodobnostiach SMSD má dôležité dôsledky pre rozvoj cielenej sociálnej politiky. | ||
| 610 | 2 | 0 | |a kríza |
| 610 | 2 | 0 | |a deprivácia |
| 610 | 2 | 0 | |a deprivácia sociálna |
| 610 | 2 | 0 | |a deprivácia materiálna |
| 610 | 2 | 0 | |a domácnosti |
| 610 | 2 | 0 | |a vylúčenie sociálne |
| 610 | 2 | 0 | |a pravdepodobnosť |
| 100 | 1 | |a Rešovská, Tatiana | |
| 700 | 1 | |a Šoltés, Erik, 1974- | |